000 00689nam a22002297a 4500
005 20170124110008.0
010 _aA-541139
020 _c00.00
_a817024448X
035 _aA-541139
037 _bCen Lib/Ret
040 _aDPL
_bEN
082 _a303.6
_bGHO
100 _aGhosh, S.K.
_95925
245 _aPolitics of violence :
_cby S.K.Ghosh
_bdawn of a dangerous era /
260 _aNew Delhi
_bAshish Publishing House
_c1992
270 _a8/81, Punjabi Bagh
_bNew Delhi
_e110026
300 _avi,171p. :
_c20cm(Hb)
500 _aIncludes index
650 _aPolitics and government
_918243
650 _aViolence -- India.
_917237
942 _2ddc
_cEN
_h303.6
_mGHO
999 _c126324
_d126324